Personnages joués par Alain Chabat par images (Click) - Statistiques

Statistiques générales
  • Ce quiz a été pris 190 fois
  • Le résultat moyen est 12 sur 16
Statistiques - réponses
Hint Réponse % Correct
Astérix et Obélix : Mission Cléopâtre
94%
Burger Quiz
90%
RRRrrrr!!!
90%
Sur la piste du Marsupilami
88%
Kaamelott : Premier Volet
87%
Late Show
84%
Santa et Cie
84%
Didier
79%
La Guerre des boutons
79%
En Place
74%
L'Amour ouf
72%
Valérian et la Cité des mille planètes
69%
La Cité de la peur
64%
Gazon maudit
61%
Réalité
37%
Incroyable mais vrai
33%
Aucun quiz correspondant
Distribution des résultats
% des personnes avec chaque résultat
Percentile par nombre de réponses
Votre historique - résultats
Vous n’avez pas pris ce quiz